000 00626nam a2200241 a 4500
003 AR-BaBNM
005 20251128203647.0
008 082120s2002 ||||||||||||||000 | spa||
040 _cAR-BaBNM
100 1 _aRodil, Marta
245 0 0 _aLa luna en la maraña
260 _aBuenos Aires
_bEdiciones Culturales Argentinas
_c1991
300 _a77 p.
650 4 _aCUENTOS
650 4 _aLITERATURA ARGENTINA
650 4 _aESCRITORES
650 4 _aLITERATURA CONTEMPORANEA
650 4 _aCOSTUMBRES Y TRADICIONES
655 _aLITERATURA
700 1 _aVittori, José Luis
_eprologuista
942 _cBK
998 _cMARTIN
999 _c4364
_d4364